000 00871nam a2200265 a 4500
003 CO-ViMGA
005 20230915233127.0
008 121115s2011 mx a gr 00010 spa d
020 _z9786074557886
040 _aCO-ViMGA
_bspa
_cCO-ViMGA
041 1 _heng
043 _ae------
082 0 4 _aI891.823
_bJ85p1
_221
100 1 _aJunakovic, Svjetlan,
_d1961-
_93079
245 1 0 _aPequeño gran mundo /
_cSvjetlan Junakovic ; traducción Laura Emilia Pacheco.
260 _aMéxico D.F. :
_bCONACULTA,
_c2011.
300 _a[30] p. :
_bil. ;
_c24 cm.
490 0 _aNarrativa infantil
534 _pTítulo original :
_tA little big world.
650 1 4 _aAnimales
_v Cuentos infantiles.
_9307
650 1 4 _aCuentos infantiles croatas.
_93080
650 1 4 _aLibros ilustrados para niños.
_987
700 1 _aPacheco, Laura Emilia,
_etr.
_93081
942 _2ddc
_cBK
999 _c35416
_d35416